00991nac a22002531u 4500010001600000020001500016082001700031090001500048100003400063245015700097250001700254260004800271300002600319500004800345500007200393500002600465504005100491511002600542650001100568700001900579942001900598999001500617952010500632 a 90008165 a041504641600a332.401bSIM c6428d6428 aSimmel, Georg, 14aThe philosophy of money /cGeorg Simmel ; edited by David Frisby ; translated by Tom Bottomore and David Frisby from a first draft by Kaethe Mengelberg. a2nd enl. ed. aLondon ;aNew York :bRoutledge,1990c1990. axli, 537 p. ;c24 cm. aTranslation of: Die Philosophie des Geldes. a"First published in 1978 by Routledge and Kegan Paul Ltd."--Prelim. adistributer: Al-Ahram aIncludes bibliographical references and index. acatalogued by: wessam 0aMoney.1 aFrisby, David. cBBk332.401SIM c6428d6428 00104070aMAINbMAINc1STd2007-11-22ePurchasel0o332.401SIMp000007232r2025-07-15 00:00:00yBB